Political concepts and ideologies : (Record no. 31353)

MARC details
000 -LEADER
fixed length control field 00742nam a2200217 4500
008 - FIXED-LENGTH DATA ELEMENTS--GENERAL INFORMATION
fixed length control field 241104b |||||||| |||| 00| 0 eng d
017 ## - LEGAL DEPOSIT NUMBER
Legal deposit number LD.641
018 ## - LEGAL DEPOSIT YEAR
LDD Year 2003
020 ## - INTERNATIONAL STANDARD BOOK NUMBER
ISBN 9783654853
040 ## - CATALOGING SOURCE
Original cataloging agency NLN
Language of cataloging English
Description conventions AACR2
100 ## - MAIN ENTRY--AUTHOR
Author IROEGBU, Pantaleon
Relator term aut.
245 ## - TITLE STATEMENT
Title Political concepts and ideologies :
Remainder of title beyond materialism and spiritualism /
Statement of responsibility, etc Pantaleon Iroegbu
260 ## - PUBLICATION, DISTRIBUTION, ETC. (IMPRINT)
Place of publication Ibadan, Oyo State (GAAF building 110/112, Oyo road. P. O. Box 22331) :
Name of publisher Hope Publications,
Date of publication 2002
300 ## - COLLATION
Pagination 32p. ;
Other physical details 22cm.
563 ## - BINDING INFORMATION
Binding note (pbk)
650 ## - TRACINGS
Main Subject Spiritualism
Subdivision (1st) Religious aspects
Subdivision (2nd) Christianity
650 ## - TRACINGS
Main Subject Materialism
Subdivision (1st) Religious aspects
Subdivision (2nd) Christianity
942 ## - ADDED ENTRY ELEMENTS (KOHA)
Item type Books
050 ## - LIBRARY OF CONGRESS CALL NUMBER
Classification number B841
Item number .I71
082 ## - DEWEY DECIMAL CLASSIFICATION NUMBER
Classification number 141
Holdings
Withdrawn status Lost status Source of classification or shelving scheme Damaged status Not for loan Home library Current library Date acquired Accession No. Total Checkouts Full call number Barcode. Date last seen Price effective from Koha item type
    Library of Congress Classification     LAGOS BRANCH National Library of Nigeria 28/10/2024 58630   B841 .I71 58630 04/11/2024 04/11/2024 Books
    Library of Congress Classification     IBADAN BRANCH LIBRARY National Library of Nigeria 28/10/2024 58629   B841 .I71 58629 04/11/2024 04/11/2024 Books

National Library of Nigeria OPAC is powered by Koha